000 00607nam a22001697a 4500
005 20220607103305.0
008 220607b mx ||||| |||| 00| 0 spa d
050 0 4 _aPQ7292.S25
_bR39 1988
100 1 _aRayas Aldana, Josefina
245 1 0 _aTradiciones orales de San Ignacio /
_cJosefina Rayas Aldana
250 _aPrimera edición
260 _aMéxico :
_bH. Ayuntamiento de San Ignacio Sinaloa, DIFOCUR,
_c1988
300 _a133 páginas :
_bilustraciones ;
_c20 cm
650 7 _2lemb
_aLeyendas
_zMéxico
_zSan Ignacio (Sinaloa)
651 7 _2lemb
_aMéxico -- San Ignacio (Sinaloa)
942 _2lcc
_cLIB
999 _c162395
_d162393